LEADER 00803nam0-22003011i-450- 001 990003760180403321 005 20100419134629.0 035 $a000376018 035 $aFED01000376018 035 $a(Aleph)000376018FED01 035 $a000376018 100 $a20030910d--------km-y0itay50------ba 101 0 $aita 102 $aIT 105 $a--------001yy 200 1 $aMarxismo e movimento studentesco 210 $aRoma$cSamonà e Savelli$d1970 215 $a132 p.$c18 cm 225 1 $aCultura politica$v78 610 0 $aMovimento studentesco$aSec. 19-20 676 $a322.42$v22$zita 801 0$aIT$bUNINA$gRICA$2UNIMARC 901 $aBK 912 $a990003760180403321 952 $aA / MAR 8$b391$fBFS 959 $aBFS 996 $aMarxismo e movimento studentesco$9510298 997 $aUNINA LEADER 01082nam a22002651i 4500 001 991000415539707536 005 20040826151912.0 008 040920s1990 uik eng 020 $a9780412400209 035 $ab13217203-39ule_inst 035 $aARCHE-116344$9ExL 040 $aSet. Economia$bita$cA.t.i. Arché s.c.r.l. Pandora Sicilia s.r.l. 082 04$a658.5620 100 1 $aLochner, Robert H$0105040 245 10$aDesigning for quality :$ban introduction to the best of Taguchi and western methods of statistical experimental design /$cRobert H. Lochner, Joseph E. Matar 260 $aLondon :$bChapman,$c1990 300 $aX, 243 p. ;$c24 cm 650 4$aControllo di qualità$xMetodi statistici 700 1 $aMatar, Joseph H 907 $a.b13217203$b28-03-19$c23-09-04 912 $a991000415539707536 945 $aLE025 ECO 658.5 LOC01.01$g1$i2025000164284$lle025$nCatalogato 2019$o-$pE0.00$q-$rl$s- $t0$u0$v0$w0$x0$y.i13872953$z23-09-04 996 $aDesigning for quality$9434943 997 $aUNISALENTO 998 $ale025$b23-09-04$cm$da $e-$feng$guik$h0$i1